[Event "EU-Cup 21st"]
[Site "Saint Vincent"]
[Date "2005.09.18"]
[Round "1.2"]
[White "Bologan, Viktor"]
[Black "Van Haastert, Edwin"]
[Result "1-0"]
[WhiteElo "2700"]
[BlackElo "2398"]
[Annotator "Ftacnik,L"]
[PlyCount "83"]
[EventDate "2005.09.18"]
[EventType "team-swiss"]
[EventRounds "7"]
[EventCountry "ITA"]
[SourceTitle "CBM 110"]
[Source "ChessBase"]
[SourceDate "2006.01.31"]
[SourceVersion "1"]
[SourceVersionDate "2006.01.31"]
[SourceQuality "1"]
[WhiteTeam "Tomsk 400"]
[BlackTeam "Leerdams"]
[WhiteTeamCountry "RUS"]
[BlackTeamCountry "NED"]

1. e4 c5 2. Nf3 d6 3. d4 cxd4 4. Nxd4 Nf6 5. Nc3 a6 6. Be3 e5 7. Nf3 Be7 8. Bc4
O-O 9. O-O Be6 10. Qe2 Re8 11. Rfd1 Qc7 12. Bb3 Nbd7 13. Bg5 Rac8 14. Rac1 {
Bologan is doing his best in order to benefit from the weak d5 square, but
black's pieces are very compact and well located.} (14. h3 b5 15. Nd2 b4 16.
Nd5 Bxd5 17. exd5 Nc5 18. Bxf6 Bxf6 19. Ne4 Nxe4 20. Qxe4 Qc5 21. h4 Bd8 22.
Rd3 Rf8 23. a3 bxa3 24. Rxa3 f5 {0-1 Sulskis,S-Vaulin,A/Warsaw 1992/ (45)})
14... h6 (14... b5 $5 15. Bxf6 Nxf6 16. a3 $14) 15. Bxf6 (15. Bh4 b5 $13) 15...
Nxf6 16. Nh4 Bg4 (16... Bc4 $5 17. Qe1 (17. Qe3 d5 $1 18. exd5 Qd7 19. Bxc4
Rxc4 20. Nf3 Bc5 $15) 17... d5 18. exd5 Qd7 19. Nf3 Bb4 $13) 17. f3 Qc5+ 18.
Kh1 Be6 19. g3 (19. Nf5 Bxf5 20. exf5 Qc7 $11) (19. Bxe6 $6 fxe6 20. Ng6 Bd8
$17) 19... Nd7 $1 {Van Haastert is relocating his knight to c4, where it will
severely limit white's ambitious plans.} (19... d5 20. exd5 Bh3 21. Ne4 Nxe4
22. fxe4 Bg5 23. Ra1 Qd6 24. Qf3 $14) 20. Ng2 (20. Nf5 Nb6 21. Nxe7+ Rxe7 $11)
20... Nb6 21. Rd3 Nc4 22. Rb1 b5 23. Nd5 Bg5 (23... a5 24. a4 b4 25. Rdd1 Bd8
$11) 24. c3 (24. h4 Bd8 25. Nge3 Bb6 26. Bxc4 bxc4 27. Rdd1 Qc6 $11) 24... Be7
(24... Na5 25. h4 Bd8 26. Nge3 Nxb3 27. axb3 a5 $11) 25. Nge3 Bf8 $2 {[%mdl
2048] Black has suddenly decided to play passively and the prize to pay will
be very high. The good defensive work had to be crowned with the move 25...Bg5
with fair chances.} (25... Bg5 26. Bxc4 bxc4 27. Rdd1 Bxe3 28. Nxe3 Rcd8 $11)
26. Rdd1 Red8 (26... Nxe3 27. Nxe3 b4 28. cxb4 Qxb4 29. Nd5 $16) 27. Bxc4 $1
bxc4 28. b3 cxb3 29. axb3 Qb5 (29... a5 30. f4 $16) 30. c4 Qb7 31. b4 g6 32. b5
$6 {Even better was the advance of the f pawn, white knights are completely
dominating black's bishops pair.} (32. f4 $1 Kh8 33. f5 $16) 32... h5 $2 (32...
axb5 33. cxb5 (33. Rxb5 Qc6 34. f4 Kh8 $14) 33... f5 $14) 33. f4 $1 exf4 (33...
h4 34. f5 Bxd5 35. Nxd5 hxg3 36. hxg3 axb5 37. Rxb5 Qa7 38. Rdb1 $16) 34. gxf4
axb5 35. f5 $1 {All defender's pieces are passive and far away from the weak
kingside.} Bxd5 (35... Bd7 36. Rg1 Kh7 37. fxg6+ fxg6 38. Nf6+ Kg7 (38... Kh6
39. Qg2 $18) 39. Qxh5 Kxf6 40. Nd5+ Qxd5 41. Qxg6+ Ke7 42. exd5 $18) 36. Nxd5
Bg7 (36... Qa7 37. cxb5 Bg7 38. Rg1 $18) 37. Rg1 Kh7 (37... Re8 38. fxg6 Re5
39. Rxb5 Qa7 40. Nf6+ (40. Qf3 fxg6 41. Nf6+ Kf8 42. Rxe5 dxe5 43. Rxg6 $18)
40... Bxf6 41. gxf7+ Kxf7 42. Rxe5 Bxe5 43. Qxh5+ Kf8 44. Qh6+ Bg7 45. Rf1+ Kg8
46. Qe6+ Kh7 47. Qf5+ Kh6 48. Qh3+ Kg6 49. Qxc8 $18) 38. Rxb5 {The position is
already ripe for the nice tactical solution.} Qa7 (38... Qd7 39. fxg6+ fxg6 40.
Qxh5+ $1 Kg8 (40... gxh5 41. Nf6+ Kh8 42. Rxh5+ Bh6 43. Rxh6+ Qh7 44. Rxh7#)
41. Rxg6 $18) 39. fxg6+ fxg6 40. Qxh5+ $1 gxh5 (40... Kg8 41. Qxg6 $18) 41.
Nf6+ Bxf6 42. Rxh5# 1-0

[Event "RUS-ch sf 58th"]
[Site "Kazan"]
[Date "2005.09.04"]
[Round "2"]
[White "Motylev, Alexander"]
[Black "Obolenskikh, Dmitry Aleksandrovi"]
[Result "1-0"]
[WhiteElo "2675"]
[BlackElo "2437"]
[Annotator "Ftacnik,L"]
[PlyCount "67"]
[EventDate "2005.09.03"]
[EventType "swiss"]
[EventRounds "9"]
[EventCountry "RUS"]
[SourceTitle "CBM 109"]
[Source "ChessBase"]
[SourceDate "2005.11.14"]
[SourceVersion "1"]
[SourceVersionDate "2005.11.14"]
[SourceQuality "1"]

1. e4 c5 2. Nf3 d6 3. d4 cxd4 4. Nxd4 Nf6 5. Nc3 a6 6. f3 e5 7. Nb3 Be6 8. Be3
Nbd7 9. g4 Rc8 10. Qd2 Be7 11. O-O-O O-O 12. Kb1 Nb6 13. h4 Qc7 14. h5 Nfd7 15.
Rh2 $5 {Very interesting move that tries to improve on the obvious
continuation of the attack with 15.g5. White is defending c2 square and asks
black what is he going to use the tempo for.} (15. g5 f5 (15... Nc4 16. Bxc4
Qxc4 17. g6 Nf6 18. h6 fxg6 19. Rdg1 gxh6 20. Bxh6 Rfd8 21. Bg5 Rd7 22. Ne2 d5
{0-1 Molina Ballester,S-Larios Crespo,M (2177)/Cullera 2004/ (35)}) 16. gxf6 (
16. g6 f4 17. Bxb6 Nxb6 18. h6 hxg6 19. Bh3 Qd7 20. Nd5 Nxd5 21. Qxd5 Bxd5 22.
Bxd7 Bc4 23. Bxc8 Rxc8 {0-1 Losada Carrera,F (2194)-Pablo Marin,A (2424)/
Barbera del Valles 2005/ (50)}) 16... Nxf6 17. f4 exf4 18. Bd4 (18. Bxb6 Qxb6
19. Bh3 Bxh3 20. Rxh3 Kh8 21. Qxf4 {1-0 Sadvakasov,D (2595)-Alekseev,E (2613)/
Skanderborg 2003/ (35)}) 18... Nfd7 19. h6 g6 20. Bg7 Rf7 21. Nd4 Bg4 22. Rg1
Bxd1 23. Qxd1 Qc5 24. Bh3 Bf6 25. Ne6 Qe3 26. Bxf6 Rxf6 27. Ng5 Rxc3 28. Re1
Qxh3 29. Nxh3 Rxh3 {0-1 Motylev,A (2634)-Dvoirys,S (2555)/Krasnoyarsk 2003/ 
(44)}) 15... Rfd8 (15... Nc4 16. Bxc4 Qxc4 17. g5 f5 18. Na5 Qc7 19. Nd5 Bxd5
20. Qxd5+ Kh8 21. exf5 b6 22. h6 gxh6 23. Qe6 Bf6 24. gxf6 Nxf6 25. Bxh6 {
1-0 Perez,O (2439)-Colovic,A (2418)/Havana 2005/ (30)}) 16. Nd5 (16. g5 $2 d5
$1 17. exd5 Nxd5 18. Nxd5 Bxd5 19. Qxd5 Nb6 $17) 16... Bxd5 17. exd5 e4 $6 {
Obolenskih loses patience and sacrifices important pawn. The best move seems
to lay in the retreat of the rook to the f8 square.} (17... Rf8 18. g5 f5 19.
f4 Nc4 20. Bxc4 Qxc4 21. Re1 $14) 18. fxe4 Ne5 (18... Nf6 19. Qg2 Nc4 20. Bxc4
Qxc4 21. g5 Nd7 22. Bd4 $18) 19. Qg2 Nec4 (19... a5 20. g5 a4 21. Nd4 Nbc4 22.
Bxc4 Nxc4 23. Bc1 $16) 20. Bd4 (20. Bc1 Bf6 21. g5 Bxb2 22. Bxb2 Nxb2 23. Kxb2
Qc3+ 24. Kc1 Na4 25. Bd3 $16) 20... h6 (20... Bg5 21. h6 g6 22. Qf2 $16) 21.
Qf2 Nd7 (21... Bg5 22. Rh3 Nd7 23. Bxc4 Qxc4 24. Rf1 Nf6 25. Rc3 Qa4 26. Rxc8
Rxc8 27. Qf5 Qc4 28. e5 dxe5 29. Na5 Qxc2+ 30. Qxc2 Rxc2 31. Kxc2 exd4 32. d6
$18) 22. Bxc4 Qxc4 23. Qf5 {Black's counterplay is nowhere to be seen, white
can be sure to open up the kingside in the suitable moment.} Qc7 (23... Ne5 24.
Bxe5 dxe5 25. Rf2 Bh4 26. Qxf7+ (26. Rg2 Bf6 27. Nc1 $16) 26... Kh8 27. Rh2 Bg3
28. Rg2 Qxe4 29. Qf1 $16) 24. Rf1 Rf8 (24... Bf6 25. g5 hxg5 26. h6 Ne5 27.
hxg7 Bxg7 28. Bxe5 dxe5 29. Nc5 Rd6 30. Ne6 $18) 25. Be3 Rce8 26. Rg2 Bg5 (
26... Bf6 27. g5 Bxg5 28. Bxg5 Re5 29. Qf4 hxg5 30. Rxg5 $18) 27. Bxg5 Re5 28.
Bxh6 $1 {[%mdl 1024] Very nice combination and a terrible shock for black as
he was surely hoping to slow down the onslaught.} Rxf5 (28... gxh6 29. Qf4 $18)
29. gxf5 Kh7 (29... g6 30. fxg6 $18) (29... Rc8 30. Rxg7+ Kf8 31. Rg2+ Ke8 32.
Rg8+ Ke7 33. f6+ Nxf6 34. Rxc8 Qxc8 35. Bg5 $18) 30. Bxg7 Rg8 31. Rfg1 Qd8 (
31... Ne5 32. h6 Nf3 33. Rf1 Ne5 34. Rg3 $18) 32. Nd2 Nc5 (32... Nf6 33. h6 Qe7
34. e5 $1 Qxe5 (34... dxe5 35. Nf3 Ne4 36. Rg4 Qc5 37. Rxe4 $18) 35. Nf3 Qxf5
36. Ng5+ Kg6 37. Ne4+ $18) 33. f6 Qe8 (33... Rh8 34. Rg4 Nd7 35. Nf3 Nxf6 36.
Ng5+ Kxg7 37. Ne6+ Kh6 38. Nxd8 $18) 34. Rg6 $1 {Original and impressive small
combination, with exceptional phantasy Motylev managed to get closer to the
black king.} (34. Rg6 $1 Rxg7 (34... fxg6 35. hxg6+ Qxg6 36. Rh1+ $18) 35.
Rxg7+ Kh8 36. h6 Qd8 37. Rxf7 $18) 1-0

[Event "Bundesliga 0405"]
[Site "Germany"]
[Date "2005.03.12"]
[Round "12.6"]
[White "Wegener, Olaf"]
[Black "Schlosser, Philipp"]
[Result "0-1"]
[WhiteElo "2417"]
[BlackElo "2570"]
[Annotator "Ftacnik,L"]
[PlyCount "80"]
[EventDate "2004.11.12"]
[EventType "team-tourn"]
[EventRounds "15"]
[EventCountry "GER"]
[SourceTitle "CBM 106"]
[Source "ChessBase"]
[SourceDate "2005.06.06"]
[SourceVersion "1"]
[SourceVersionDate "2005.06.06"]
[SourceQuality "1"]
[WhiteTeam "Muelheim Nord"]
[BlackTeam "Baden Oos"]
[WhiteTeamCountry "GER"]
[BlackTeamCountry "GER"]

1. e4 c5 2. Nf3 d6 3. d4 Nf6 4. Nc3 cxd4 5. Nxd4 a6 6. f3 b5 7. a4 b4 8. Nd5
Nxd5 9. exd5 Bb7 10. Bc4 Nd7 (10... Qa5 11. Ne2 Nd7 12. Be3 Nb6 13. Bxb6 Qxb6
14. Qd4 Qxd4 15. Nxd4 Rc8 16. b3 g6 17. Kf2 Bg7 18. Rad1 O-O 19. Rhe1 {1-0
Maia Filho,L-Mangini,J/Recife 1963/ (38)}) 11. a5 Qc7 12. Qe2 (12. Bb3 Nc5 13.
Be3 g6 14. O-O Bg7 15. Bc4 Nd7 16. Nc6 Bxc6 17. dxc6 Ne5 18. Bb6 Qc8 19. Bd5 e6
20. Bb3 d5 21. c7 O-O 22. Qd2 Nd7 23. Qxb4 Be5 {0-1 Leko,P-Svidler,P/Cap
d'Agde 2003/ (60)}) 12... Nf6 (12... g6 13. Bg5 Qc5 14. Nc6 Ne5 15. Nxe5 dxe5
16. Bb3 Bg7 17. Be3 Qd6 18. Ba4+ Kf8 19. O-O-O h5 20. Qc4 Rc8 21. Bc6 Bh6 22.
Bxh6+ Rxh6 23. Qe4 Rc7 {1/2-1/2 Kritz,L-Ruck,R/Budapest 2004/ (59)}) 13. Bg5 $6
{Wegener did not found the best solution to the problem of defending d5 pawn.
He will get just vague compensation for the missing material.} (13. Qd3 $1 Nxd5
(13... g6 14. Nb3 Nd7 15. f4 Bg7 16. O-O $14) 14. Bxd5 Bxd5 15. Nb5 axb5 (15...
Qc5 16. Qxd5 $18) 16. Qxd5 Rb8 17. Be3 e6 18. Qd3 Be7 $13) 13... Nxd5 $1 (13...
Bxd5 14. Bxa6 $14) 14. Bb3 g6 15. Ba4+ Kd8 16. Rd1 Bg7 17. Bh4 (17. Bb3 h6 18.
Bh4 Re8 (18... Kc8 19. Ne6 fxe6 20. Qxe6+ Kb8 21. Bxd5 Bxd5 22. Rxd5 Bxb2 23.
O-O $11) 19. O-O Qxa5 $15) 17... Kc8 $1 18. O-O e5 19. Nb3 (19. Nc6 Bxc6 20.
Bxc6 Qxc6 21. Qe4 g5 22. Bxg5 Qc5+ 23. Kh1 Nc7 24. Be7 Bf8 $19) 19... Kb8 20.
Bf2 Rc8 {Schlosser keeps excellent control of the center and white pieces are
unable to find a target.} 21. Qe1 (21. Nc1 Qxa5 22. Bb3 Nf4 23. Qe1 d5 $17)
21... Bf8 (21... f5 22. Rxd5 Bxd5 23. Qxb4+ Bb7 24. Bb6 Qe7 25. Nd2 Bf8 $17)
22. Nd2 Qxa5 23. Bb3 $6 (23. Ra1 Qc7 24. Bb3 a5 $15) 23... Qb5 $1 24. Ne4 f5
25. c4 $2 {White insists on activity, but his move is faulty on many counts.
It was probably better to keep fighting with piece activity.} (25. Ng5 Nf4 26.
Be3 Qe2 (26... Bd5 27. Bxf4 Bxb3 28. cxb3 exf4 29. Nxh7 $15) 27. Bxf4 Qxe1 28.
Rfxe1 exf4 29. Ne6 Be7 30. Nxf4 Bf6 $17) 25... Rxc4 (25... bxc3 $1 26. Bxd5 c2
27. Bxb7 (27. Rd2 c1=Q 28. Qxc1 Rxc1 29. Rxc1 fxe4 $19) 27... cxd1=Q 28. Qxd1
Kxb7 29. Nxd6+ Bxd6 30. Qxd6 Rc6 $19) 26. Bxc4 Qxc4 27. Ng5 (27. Nd2 Qd3 $17)
27... h6 28. Ne6 Be7 29. Rc1 (29. Nc5 Bc6 (29... dxc5 30. Qxe5+ Ka7 31. Rxd5
Qxd5 32. Qxe7 Rc8 33. Rc1 $15) 30. Rc1 Qb5 31. Nb3 Bg5 $17) 29... Qb5 30. Qd2
$2 {[%mdl 8192] The final mistake will cost a piece for no compensation.} (30.
Nc5 Nf4 $1 (30... dxc5 $2 31. Qxe5+ Ka7 32. Rfd1 Bf6 33. Rxc5 Bxe5 34. Rxb5+
Kb8 35. Rdxd5 Bxh2+ 36. Kxh2 axb5 37. Bg3+ $11) 31. Nxb7 Ne2+ 32. Kh1 Nxc1 $17)
30... Qd7 $1 31. Qxh6 Qxe6 32. Qh8+ Bc8 33. Rc6 (33. Rfd1 Nf6 (33... Kb7 34.
Rxd5 Qxd5 35. Qg7 Qe6 36. Bh4 Bd7 $17) 34. Bb6 g5 35. Bd8 Qg8 $19) 33... Kb7
34. Rfc1 (34. Rc2 Bd7 35. Qh6 g5 $19) 34... Bd7 35. Rc7+ Nxc7 36. Rxc7+ Kxc7
37. Qxa8 Bb5 $19 {The game is over as black king can easily get away from
checks.} 38. Qa7+ Kc6 39. Qa8+ Kd7 40. Bb6 Qc4 0-1

[Event "RUS-chT 07th"]
[Site "Smolensk"]
[Date "2000.04.18"]
[Round "4"]
[White "Kovchan, Alexander"]
[Black "Pigusov, Evgeny"]
[Result "0-1"]
[WhiteElo "2441"]
[BlackElo "2610"]
[Annotator "Ftacnik,L"]
[PlyCount "86"]
[EventDate "2000.04.15"]
[EventType "team-tourn"]
[EventRounds "11"]
[EventCountry "RUS"]
[SourceTitle "CBM 077"]
[Source "ChessBase"]
[SourceDate "2000.07.27"]
[SourceVersion "1"]
[SourceVersionDate "2000.07.27"]
[SourceQuality "1"]
[WhiteTeam "Moscow M. Saulin PRSFI"]
[BlackTeam "Tomsk 400"]
[WhiteTeamCountry "RUS"]
[BlackTeamCountry "RUS"]

1. e4 c5 2. Nf3 d6 3. d4 cxd4 4. Nxd4 Nf6 5. Nc3 a6 6. f3 e5 7. Nb3 Be6 8. Be3
h5 9. Qd2 Nbd7 10. O-O-O Be7 11. Kb1 Rc8 12. Qf2 (12. Nd5 Nxd5 (12... Bxd5 13.
exd5 Nb6 14. Bxb6 $1 Qxb6 15. Bd3 $5 (15. g3 O-O 16. Bh3 Ra8 $6 (16... Rc7 17.
Rhe1) 17. Rhe1 a5 $2 (17... Rfe8 $14) 18. a4 Qc7 $6 19. Bf1 $1 Rfc8 20. Bb5 Bf8
21. f4 $1 {1-0 Shirov,A-Svidler,P/Linares 1998/ (28)}) 15... g6 16. Rhe1 Nd7
17. g3 Kd8 18. Re4 $1 Nc5 19. Rb4 Qc7 20. Nxc5 dxc5 21. d6 $1 {0-1 Timman,J-De
Firmian,N/Malmoe/1999/ (41)}) 13. exd5 Bf5 14. Bd3 Bxd3 15. Qxd3 Bg5 (15... Qc7
16. Nd2 Nc5 (16... g6 17. c3 b5 18. h4 Qb7 19. Nb3 Bd8 20. Bg5 Nc5 21. Nxc5
Rxc5 22. f4 O-O 23. g4 {0-1 Wang Zili-Van Wely,L/ST Lee Cup 4th 1997/ (41)})
17. Bxc5 Qxc5 18. Rhe1 Qc7 19. f4 exf4 20. Qe4 Kf8 21. c3 Rh6 22. Qxf4 Rf6 23.
Qe4 Qd7 {1/2-1/2 Wang Zili-Ye Jiangchuan/4th ST Lee Cup, Beijing CHN (02) 1997
(47)}) 16. Rhe1 (16. Bf2 O-O (16... b5 17. h4 Bh6 18. Be1 Qc7 19. Na5 Nb6 20.
Bf2 Nd7 {1/2-1/2 Leko,P-Sadler,M/Tilburg/1998/ (34)}) 17. h4 Bf4 18. g3 Bh6 19.
g4 hxg4 20. fxg4 Bf4 21. Rhg1 Re8 22. Rge1 {1-0 Socko,B-Gallagher,J/Batumi/
1999/ (87)}) 16... O-O 17. g3 Bxe3 18. Qxe3 Qc7 19. c3 Nb6 20. Qg5 $6 Nc4 {
0-1 Kovacevic,A-Gelfand,B/Belgrade 1997/ (41)}) 12... b5 13. Bd3 Rxc3 $5 14.
bxc3 Qc7 {The exchange sacrifice on c3 in this type of position is becoming
popular, black certainly has a medium term prospects for stirring lot of
trouble.} 15. Qg3 (15. Kb2 O-O 16. Qd2 d5 $13) 15... h4 (15... O-O $6 16. Bh6
Ne8 17. Bd2 $16) 16. Qe1 (16. Qxg7 $2 Rh7 17. Qg5 Rh5 18. Qg7 Bf8 $19) 16...
Nb6 17. Bxb6 (17. g4 Na4 18. Bd2 g5 $5 $14) 17... Qxb6 18. f4 (18. g3 Qc6 19.
gxh4 d5 20. Rg1 g6 $14) 18... exf4 19. Rf1 Ng4 $5 (19... Nh5 20. Nd4 (20. Be2
h3 21. gxh3 Bxh3 $13) 20... h3 21. Nxe6 hxg2 22. Rxf4 fxe6 23. Rg4 Bf6 24. Rxg2
Qc6 $13) 20. Rxf4 Bg5 21. Rf3 (21. Rxg4 Bxg4 22. Be2 Bd7 $17) 21... Nxh2 22.
Rf5 (22. Rf2 Bg4 23. Be2 Be3 24. Rd4 Bxf2 25. Qxf2 Qc6 $19) 22... Bf6 $6 (22...
Bxf5 $5 23. exf5+ Kd7 24. c4 Re8 $17) 23. e5 $1 {Excellent move that should
have equalized the chances due a strong counterplay.} (23. Rxf6 gxf6 24. Qd2
Ng4 $17) 23... dxe5 (23... Bxe5 24. Rxe5 dxe5 25. Qxe5 Ng4 26. Qxg7 $11) 24.
Qe4 $2 (24. Rxe5 $1 Ng4 (24... h3 25. gxh3 (25. Re2 hxg2 26. Rxg2 Nf3 27. Qe4
$13) 25... Nf3 26. Qe3 Qxe3 27. Rxe3 Rxh3 28. Kb2) 25. Re2 O-O $13) 24... Bxf5
25. Qxf5 g6 26. Qc8+ (26. Bxb5+ axb5 27. Qc8+ Bd8 28. Qd7+ Kf8 29. Qxd8+ Qxd8
30. Rxd8+ Kg7 $17) 26... Ke7 27. Qh3 e4 $1 28. Bxe4 (28. Re1 Kf8 29. Bxe4 Qc7
30. Rh1 Be5 $19) 28... Qc7 29. Nd4 Qg3 30. Bb7 (30. Rh1 Ng4 31. Bb7 a5) 30...
a5 31. Rh1 Ng4 32. Qxg3 (32. Nxb5 $2 Rb8 $19) 32... hxg3 33. Rxh8 Bxh8 34. Nxb5
(34. Nc6+ Kd6 35. Nxa5 Bxc3 36. Bf3 Ne3 $17) 34... Ne3 35. Kb2 f5 {The endgame
is pretty bad for white, since black has a clear cut plan of marching his
pawns through f3 square.} 36. Kb3 f4 37. c4 (37. Ka4 g5 38. Kxa5 g4 39. Nc7 Kd6
$1 (39... f3 40. Nd5+ Nxd5 41. Bxd5 Kd6 42. Be4 Kc5 43. Ka4 $17) 40. Nb5+ Kd7
$19) 37... g5 38. c5 Be5 39. c6 (39. Ka4 g4 40. Kxa5 f3 $19) 39... Kd8 40. c7+
(40. c4 g4 41. Ka4 f3 42. c7+ Bxc7 43. gxf3 g2 $19) 40... Bxc7 41. Nd4 (41.
Nxc7 Kxc7 42. Be4 g4 43. Kc3 f3 44. Kd2 fxg2 $19) 41... g4 42. c3 Be5 $1 (42...
f3 43. gxf3 g2 44. Ne2 gxf3 45. Bxf3 $17) 43. Ne2 (43. Ka4 Bxd4 44. cxd4 f3 $19
) 43... Nxg2 (43... Nxg2 44. Nxg3 (44. Bxg2 f3 45. Kc2 fxg2 46. Kd3 Bb8 47. Ke4
Ba7 48. Kf4 g1=Q 49. Nxg1 Bxg1 50. Kxg3 Kd7 $19) 44... Ne3 45. Ne4 f3 $19) 0-1

[Event "EU-ch 1st"]
[Site "Saint Vincent"]
[Date "2000.07.12"]
[Round "9"]
[White "Georgiev, Kiril"]
[Black "Kempinski, Robert"]
[Result "1-0"]
[WhiteElo "2661"]
[BlackElo "2498"]
[Annotator "Ftacnik,L"]
[PlyCount "65"]
[EventDate "2000.07.03"]
[EventType "swiss"]
[EventRounds "11"]
[EventCountry "ITA"]
[SourceTitle "CBM 078"]
[Source "ChessBase"]
[SourceDate "2000.10.18"]
[SourceVersion "1"]
[SourceVersionDate "2000.10.18"]
[SourceQuality "1"]

1. e4 c5 2. Nf3 d6 3. d4 cxd4 4. Nxd4 Nf6 5. Nc3 a6 6. Be3 Ng4 7. Bg5 h6 8. Bh4
g5 9. Bg3 Bg7 10. h3 Nf6 11. Qf3 g4 12. hxg4 Bxg4 13. Qe3 Nc6 {[%mdl 4] Black
consequently fights for the center in the modern line with the retreat 10...
Nf6.} (13... Nbd7 $6 14. f3 Bh5 15. Nf5 $16) 14. Nxc6 bxc6 15. e5 Nd5 (15...
dxe5 16. Bxe5 Qa5 17. Bd3 Qb4 (17... Nd5 18. Qd4 $16) 18. a3 Qxb2 19. Nb5 $16)
16. Nxd5 cxd5 17. Bd3 (17. exd6 $2 Bxb2 $17) 17... dxe5 (17... Rb8 18. exd6
Bxb2 19. dxe7 Qxe7 20. Bxb8 Bc3+ 21. Kf1 Qxe3 22. fxe3 Bxa1 23. Bxa6 $16) 18.
Bxe5 f6 (18... d4 $6 19. Qe4 Bf5 20. Qxf5 Qa5+ 21. Kf1 Qxe5 22. Qf3 $16) 19.
Bg6+ Kf8 20. Bd4 (20. Bc3 e5 21. Rh4 Be6 22. Rd1 $14) 20... Qd6 21. Kf1 Rc8 22.
Re1 e5 (22... f5 $2 23. Bxg7+ Kxg7 24. Bh5 $16) 23. Qg3 $1 {Kempinski has
grabbed the chance to build up the strong pawn center, but his king stands in
a way of the rook h8.} Qd7 (23... Be6 24. a3 Qc6 25. Bc3 $14) 24. Bc3 Bf5 (
24... Be6 25. Bd3 d4 26. Bb4+ Kg8 27. a3 $14) 25. Rh5 Bxg6 (25... Bg4 26. Rh4
$14) 26. Qxg6 d4 27. Bd2 (27. Bb4+ Kg8 28. Re2 Qf7 29. Qf5 $14) 27... Qf7 28.
Qf5 Rxc2 $5 (28... Rc7 29. Rh4 (29. b3 $5) 29... Qc4+ 30. Re2 Qxa2 $2 31. Rxd4
$1 exd4 32. Bb4+ Kf7 33. Qh5+ $18) 29. Qxc2 Qxh5 30. Qc4 $1 {The exchange of
pieces has exposed the fragile black king on the f8.} Qf7 (30... Qh1+ 31. Ke2
Qh5+ 32. f3 $14) 31. Qc8+ (31. Qxa6 Kg8 32. Qc8+ Kh7 33. Qf5+ Qg6 34. Qxg6+
Kxg6 35. a4 $14) 31... Qe8 32. Qf5 (32. Qxa6 Kf7 33. Rc1 Qd7 $14) 32... Qb8 $2
(32... Qb5+ 33. Kg1 Kf7 34. Rc1 Qb8 35. Rc6 a5 36. Qc2 $16) 33. Qe6 $1 (33. Qe6
$1 Rh7 (33... Qe8 34. Bb4+ $18) 34. Rc1 $18) 1-0

[Event "EU-ch 1st"]
[Site "Saint Vincent"]
[Date "2000.07.10"]
[Round "7"]
[White "Fedorov, Alexei"]
[Black "Fressinet, Laurent"]
[Result "1-0"]
[WhiteElo "2646"]
[BlackElo "2536"]
[Annotator "Ftacnik,L"]
[PlyCount "77"]
[EventDate "2000.07.03"]
[EventType "swiss"]
[EventRounds "11"]
[EventCountry "ITA"]
[SourceTitle "CBM 078"]
[Source "ChessBase"]
[SourceDate "2000.10.18"]
[SourceVersion "1"]
[SourceVersionDate "2000.10.18"]
[SourceQuality "1"]

1. e4 c5 2. Nf3 d6 3. d4 cxd4 4. Nxd4 Nf6 5. Nc3 a6 6. f3 e5 7. Nb3 Be6 8. Be3
Nbd7 9. g4 b5 10. g5 Nh5 (10... b4 $5 11. Ne2 Nh5) 11. Nd5 Be7 12. Nxe7 Qxe7 (
12... Kxe7 13. Qd2 Nb6 14. O-O-O Nc4 15. Bxc4 bxc4 16. Na5 Qc7 17. Nb7 $5 Qxb7
18. Qxd6+ Ke8 19. Qxe5 Rc8 20. Rd6 c3 21. b3 Ke7 22. Bc5 {1-0 Gullaksen,E-Sasu
Ducsoara,A/Berlin/1997/ (26)}) 13. Qd2 Rd8 (13... O-O 14. O-O-O $14) 14. Na5
Nb8 (14... Rc8 15. a4 $1 $16) 15. c4 $1 {White has to fight the opening of the
center with d6-d5.} bxc4 (15... O-O 16. cxb5 d5 17. bxa6 dxe4 18. Qc3 $16) 16.
Bxc4 O-O 17. b3 Nf4 (17... d5 18. exd5 (18. Bxd5 Bxd5 19. exd5 Nf4 20. Bxf4
exf4+ 21. Kf1 Qxg5 22. Rd1 Qh5 $13) 18... Nf4 19. Bxf4 exf4 20. O-O-O $16) 18.
Bxf4 exf4 19. O-O-O (19. Qxf4 $2 d5 20. Bd3 Qa3 $1 $19) 19... Qxg5 20. Rhg1 Qe5
21. Qb2 Rc8 $6 {Black must have been happy about his position from the opening,
but his last move is false. In the position with equal number of pawns white's
queenside majority gives him distinct pull.} (21... Rd7 22. Bd5 Rc8+ 23. Nc4
Qxb2+ 24. Kxb2 Rcd8 25. Rd2 $11) 22. Rxd6 $1 Rc5 (22... Qxd6 $2 23. Qxg7#) (
22... Qxb2+ 23. Kxb2 Rc5 24. Nb7 $16) 23. Nb7 Qxb2+ 24. Kxb2 Rc6 (24... Rh5 25.
Rg2 Bc8 26. Nd8 Bd7 27. Nxf7 Rxf7 28. Rb6 Nc6 29. Rd2 $1 $18) (24... Rc7 25.
Bxe6 fxe6 26. Nd8 $16) 25. Rxc6 Nxc6 26. Bxa6 Nd4 27. Rf1 Ra8 (27... Rc8 28.
Rf2 $16) 28. Bd3 g5 29. Nc5 Bh3 30. Rf2 Kf8 31. a4 {Black's kingside pawns
have problems to advanace, while white is making steady progress.} Nc6 (31...
Ke7 32. Kc3 Nc6 33. b4 $16) 32. Bb5 (32. Kc3 Ke7 33. b4 Kd6 34. Rd2 $18) 32...
Ne5 (32... Nd4 33. Bc4 Ke7 34. Kc3 Nc6 35. b4 $18) 33. b4 Ke7 (33... g4 34.
fxg4 f3 35. Kc3 Bg2 36. Nd7+ Nxd7 37. Bxd7 $18) 34. Kc3 Kf6 (34... Kd6 35. a5
f6 36. Bc4 h5 37. Bd5 $16) 35. Bf1 Bxf1 (35... Bc8 36. b5 $18) 36. Rxf1 g4 37.
fxg4 Kg5 38. b5 f3 39. b6 1-0